Der gefesselte Feind
| Titel: | Der gefesselte Feind : Zum Aufstieg und Niedergang eines Triumphmotivs in der politischen Ikonographie frühneuzeitlicher Feldherren / Antje Kempe |
|---|---|
| Verfasser: | |
| In: |
Osmanischer Orient und Ostmitteleuropa, (2014), Seite 157-183 alle Artikel anzeigen |
| Veröffentlicht: | 2014 |
| Umfang: | 9 Illustrationen |
| Format: | Aufsatz |
| Sprache: | Deutsch |
X
alg: 42408560 001A $03025:20-12-17 001B $01999:20-12-17 $t22:49:12.000 001C $03025:20-12-17 $t10:51:34.000 001D $03025:20-12-17 001U $0utf8 001X $00 002@ $0Aou 002C $aText $btxt $2rdacontent 002D $aohne Hilfsmittel zu benutzen $bn $2rdamedia 002E $aBand $bnc $2rdacarrier 003@ $0424085607 007A $0424085607 $aHEB 010@ $ager 010E $erda 011@ $a2014 021A $aDer @gefesselte Feind $dZum Aufstieg und Niedergang eines Triumphmotivs in der politischen Ikonographie frühneuzeitlicher Feldherren $hAntje Kempe 028A $BVerfasser $4aut $71149164514 $8Kempe, Antje [Tp3] $9424088061 031A $h157-183 $j2014 034M $a9 Illustrationen 039B $aEnthalten in $8--Aau--. Osmanischer Orient und Ostmitteleuropa. - Stuttgart : Steiner, 2014. - 336 Seiten. - Illustrationen, Karten. - ISBN 3-515-10848-3 $x201400000000000843 $9348926014 044K $RChristoph $#Rädern, Melchior von $#Redern, Melchior von $#Raedern, Melchior von $#Redern, Melchior a $#Rädern, Melchior a $#Rhedern, Melchior von $#Rhedern, Melchior a $7120476371 $8Rödern, Melchior$cvon$Z1555-1600 [Tp1] $9119429012 044K $#Starenberg, Rüdiger von $#Starnberg, Rüdiger von $#Starnberg, Rudigerus a $7133822052 $8Starhemberg, Rüdiger$cvon$Z1534-1582 [Tp1] $919434374X 044K $RMaria Kazimiera $RJakub Ludwik $RTheresia Kunigunde $RAlexander Benedikt $#JohannIII. $#Johannes III. $#Johannes III. $#Joannes III. $#Jan III. $#Jan $#Jan III. $#John III. $#John III. $#John III. $#Johann III. $#Johann III. $#Johann $#Johann Sobieski III. $#Johann Sobieski $#Giovanni III. $#Jean III. $#Jean Sobieski $#Jonas Sobieskis $#Joann III. $#Sobiecki, Johannes $#Sobietzki, Johannes $#Sobiescki, Giovanni $#Sobieski, Johann $#Sobieski, Johannes $#Sobieski, Giovanni $#Sobiesky, Johann $#Sobieski, Jean $#Sobieski, Jan $#Sobieski, Jan Polen, König $#Sobieski, Jan $#Sobiesky $7118557769 $8$PJan$nIII.$lPolen, König$Z1629-1696 [Tp1] $9086898795 044K $RKrieg $#Guerres austro-turques $#Türkenkrieg $#Osmanenkriege $74186408-6 $8Türkenkriege [Ts1] $9085910848 044K $RPolitische Identität $RGeschichtsbild $RGeschichtsdenken $#Conscience historique $#Geschichtsbewusstsein $#Historisches Bewusstsein $#Geschichtsverständnis Geschichtsbewusstsein $#Geschichtskultur $74020526-5 $8Geschichtsbewusstsein [Ts1] $9085049387 044K $RDenkmal $RGrabplastik $REpitaph $RKenotaph $RFriedhof $#Sepulchral monuments $#Tombs $#Monuments funéraires $#Tombes $#Monumenti sepolcrali $#Sepulcros $#Grabbau $#Grabdenkmal $#Sepulkralbau $#Sepulkralkunst $#Grablege $#Grabmonument $#Grabmäler $74021732-2 $8Grabmal [Ts1] $9085053120 045R $aGeschichte 1593-1760 lok: 42408560 78 exp: 42408560 78 1 #EPN 201B/01 $020-12-17 $t10:00:54.000 201C/01 $020-12-17 201U/01 $0utf8 203@/01 $01013085841 208@/01 $a20-12-17 $be 209A/01 $a/ $f000 $x00 209A/01 $ab*p $x01 209A/01 $aBetr. u.a. Melchior von Redern sowie Jan III. Sobieski $x03 220C/01 $apgar 244Z/01 $#Generalgouvernement Polen $#Polska $#Rzeczpospolita Polska $#Polska Rzeczpospolita Ludowa $#Poland $#Pologne $#République Polonaise $#Generalne Gubernatorstwo w Polsce $#Polish People's Republic $#Polska Rzeczpospolita Polen $#PRL $#RP $#Polen Generalgouvernement $#Polska Generalgouvernement $#Besetzte Polnische Gebiete $#Besetztes Gebiet in Polen $#Okupowane Polskie Obszary $#Obszary Okupowane w Polsce $#Volksrepublik Polen $#Polska Rosyjska $#Republic Polen $#Respublika Pol'ša $#Pol'skaja Narodnaja Respublika $#République de Pologne $#Polen Links der Weichsel $#Polska po Lewej Stronie Wisły $#Lenkija $#Polija $#Gubernija Carstva Pol'skago $#Republik Polen $74046496-9 $8--Tg1--Polen $x01 $9085129801 244Z/01 $#Schlesien $#Schlesien $#Herzogtum Schlesien $#Herzogtum Schlesien Schlesien $#Provinz Schlesien $#Śla̜sk $#Slezsko $#Silesia $74052678-1 $8--Tg1--Schlesien $x02 $9085146781 247C/01 $82080>Marburg/Lahn, Herder-Institut, Forschungsbibliothek, Bibliographieportal $9336309341
| LEADER | 00000caa a2200000 c 4500 | ||
|---|---|---|---|
| 001 | 424085607 | ||
| 003 | DE-603 | ||
| 005 | 20171220224912.0 | ||
| 007 | tu | ||
| 008 | 171220s2014 xx |||| | u00||u|ger c | ||
| 035 | |a (DE-599)HEB424085607 | ||
| 040 | |a DE-603 |b ger |c DE-603 |d DE-603 |e rda | ||
| 041 | |a ger | ||
| 100 | 1 | |a Kempe, Antje |e Verfasser |4 aut |0 (DE-603)424088061 |0 (DE-588)1149164514 |2 gnd | |
| 245 | 0 | 0 | |a Der gefesselte Feind |b Zum Aufstieg und Niedergang eines Triumphmotivs in der politischen Ikonographie frühneuzeitlicher Feldherren |c Antje Kempe |
| 264 | 0 | |c 2014 | |
| 300 | |b 9 Illustrationen | ||
| 336 | |a Text |b txt |2 rdacontent | ||
| 337 | |a ohne Hilfsmittel zu benutzen |b n |2 rdamedia | ||
| 338 | |a Band |b nc |2 rdacarrier | ||
| 600 | 0 | 7 | |a Jan |b III. |c Polen, König |d 1629-1696 |0 (DE-588)118557769 |0 (DE-603)086898795 |2 gnd |
| 600 | 1 | 7 | |a Rödern, Melchior von |d 1555-1600 |0 (DE-588)120476371 |0 (DE-603)119429012 |2 gnd |
| 600 | 1 | 7 | |a Starhemberg, Rüdiger von |d 1534-1582 |0 (DE-588)133822052 |0 (DE-603)19434374X |2 gnd |
| 648 | 7 | |a Geschichte 1593-1760 |2 gnd | |
| 650 | 7 | |a Türkenkriege |0 (DE-588)4186408-6 |0 (DE-603)085910848 |2 gnd | |
| 650 | 7 | |a Geschichtsbewusstsein |0 (DE-588)4020526-5 |0 (DE-603)085049387 |2 gnd | |
| 650 | 7 | |a Grabmal |0 (DE-588)4021732-2 |0 (DE-603)085053120 |2 gnd | |
| 773 | 0 | 8 | |i Enthalten in |t Osmanischer Orient und Ostmitteleuropa |d Stuttgart : Steiner, 2014 |h 336 Seiten, Illustrationen, Karten |z 3515108483 |z 9783515108485 |g (2014), Seite 157-183 |w (DE-603)348926014 |
| 924 | 0 | |9 2080 |a (DE-603)1013085841 |b DE-2080 |c HES |d d |g / | |


